<?xml version='1.0' encoding='UTF-8'?>
  <record xmlns="http://www.loc.gov/MARC21/slim">
    <leader>00000cam a2200000 i 4500</leader>
    <controlfield tag="001">ocm65292157</controlfield>
    <controlfield tag="003">OCoLC</controlfield>
    <controlfield tag="005">20250329003351.8</controlfield>
    <controlfield tag="008">900616s1878    ne            000 0 fre d</controlfield>
    <datafield tag="040" ind1=" " ind2=" ">
      <subfield code="a">NLGGC</subfield>
      <subfield code="b">dut</subfield>
      <subfield code="e">fobidrtb</subfield>
      <subfield code="c">NLGGC</subfield>
      <subfield code="d">OCLCO</subfield>
      <subfield code="d">OCLCL</subfield>
      <subfield code="d">OCLCQ</subfield>
    </datafield>
    <datafield tag="029" ind1="0" ind2=" ">
      <subfield code="a">NLGGC</subfield>
      <subfield code="b">062934619</subfield>
    </datafield>
    <datafield tag="035" ind1=" " ind2=" ">
      <subfield code="a">(OCoLC)65292157</subfield>
    </datafield>
    <datafield tag="245" ind1="0" ind2="0">
      <subfield code="a">Catalogue de livres, manuscrits, porcelaines, tableaux, antiquités, etc. de M. C.-M. van Gogh, d'Amsterdam, et M.-N. J. Kamperdijk, d'Utrecht :</subfield>
      <subfield code="b">dont la vente aura lieu le mercredi 1 mai 1878 ... chez le libraire J. L. Beijers.</subfield>
    </datafield>
    <datafield tag="260" ind1=" " ind2=" ">
      <subfield code="a">Utrecht :</subfield>
      <subfield code="b">Beijers,</subfield>
      <subfield code="c">1878.</subfield>
    </datafield>
    <datafield tag="300" ind1=" " ind2=" ">
      <subfield code="a">237 p. ;</subfield>
      <subfield code="c">25 cm.</subfield>
    </datafield>
    <datafield tag="336" ind1=" " ind2=" ">
      <subfield code="a">tekst</subfield>
      <subfield code="b">txt</subfield>
      <subfield code="2">rdacontent/dut</subfield>
    </datafield>
    <datafield tag="337" ind1=" " ind2=" ">
      <subfield code="a">zonder medium</subfield>
      <subfield code="b">n</subfield>
      <subfield code="2">rdamedia/dut</subfield>
    </datafield>
    <datafield tag="338" ind1=" " ind2=" ">
      <subfield code="a">band</subfield>
      <subfield code="b">nc</subfield>
      <subfield code="2">rdacarrier/dut</subfield>
    </datafield>
    <datafield tag="530" ind1=" " ind2=" ">
      <subfield code="a">Ook beschikbaar in microvorm.</subfield>
    </datafield>
    <datafield tag="530" ind1=" " ind2=" ">
      <subfield code="a">Titel is geselecteerd voor digitalisering voor de Universiteit van Leiden in het kader van het Google Books-project.</subfield>
    </datafield>
    <datafield tag="650" ind1="1" ind2="7">
      <subfield code="a">Boekenveilingen.</subfield>
      <subfield code="2">gtt</subfield>
      <subfield code="0">(NL-LeOCL)078456517</subfield>
    </datafield>
    <datafield tag="600" ind1="1" ind2="7">
      <subfield code="a">Gogh, C.M. van</subfield>
      <subfield code="q">(Cornelis Marinus),</subfield>
      <subfield code="d">1824-1908.</subfield>
      <subfield code="2">local</subfield>
      <subfield code="0">(NL-LeOCL)06756142X</subfield>
    </datafield>
    <datafield tag="600" ind1="1" ind2="7">
      <subfield code="a">Kamperdijk, N.J.</subfield>
      <subfield code="q">(Nicolaas Johannes),</subfield>
      <subfield code="d">1815-1887.</subfield>
      <subfield code="2">local</subfield>
      <subfield code="0">(NL-LeOCL)288093054</subfield>
    </datafield>
    <datafield tag="655" ind1=" " ind2="7">
      <subfield code="a">Veilingcatalogi (vorm)</subfield>
      <subfield code="2">gtt</subfield>
      <subfield code="0">(NL-LeOCL)088145069</subfield>
    </datafield>
    <datafield tag="700" ind1="1" ind2=" ">
      <subfield code="a">Gogh, C.M. van</subfield>
      <subfield code="q">(Cornelis Marinus),</subfield>
      <subfield code="d">1824-1908.</subfield>
      <subfield code="1">https://id.oclc.org/worldcat/entity/E39PBJppBpM6wJdH74pvwfkv73</subfield>
    </datafield>
    <datafield tag="700" ind1="1" ind2=" ">
      <subfield code="a">Kamperdijk, N.J.</subfield>
      <subfield code="q">(Nicolaas Johannes),</subfield>
      <subfield code="d">1815-1887.</subfield>
      <subfield code="1">https://id.oclc.org/worldcat/entity/E39PBJycQxRx8Tm7PqKVDcvfv3</subfield>
    </datafield>
    <datafield tag="710" ind1="2" ind2=" ">
      <subfield code="a">J.L. Beijers (Utrecht)</subfield>
    </datafield>
    <datafield tag="758" ind1=" " ind2=" ">
      <subfield code="a">Catalogue de livres, manuscrits, porcelaines, tableaux, antiquités, etc. de M. C.-M. van Gogh, d'Amsterdam, et M.-N. J. Kamperdijk, d'Utrecht (Text)</subfield>
      <subfield code="1">https://id.oclc.org/worldcat/entity/E39PCFtbh8jP48WcmB4b9Bj6Kd</subfield>
      <subfield code="4">https://id.oclc.org/worldcat/ontology/hasWork</subfield>
    </datafield>
    <datafield tag="776" ind1="0" ind2=" ">
      <subfield code="t">Catalogue de livres, manuscrits, porcelaines, tableaux, antiquités, etc. de M. C.-M. van Gogh, d'Amsterdam, et M.-N. J. Kamperdijk, d'Utrecht</subfield>
      <subfield code="w">(NL-LeOCL)432683402</subfield>
    </datafield>
    <datafield tag="936" ind1=" " ind2=" ">
      <subfield code="a">BATCHLOAD</subfield>
    </datafield>
  </record>